LEADER 02441nam 2200481 450 001 996465369803316 005 20210217145041.0 010 $a981-15-7490-1 024 7 $a10.1007/978-981-15-7490-0 035 $a(CKB)4100000011457818 035 $a(DE-He213)978-981-15-7490-0 035 $a(MiAaPQ)EBC6353687 035 $a(PPN)253256836 035 $a(EXLCZ)994100000011457818 100 $a20210217d2020 uy 0 101 0 $aeng 135 $aurnn|008mamaa 181 $ctxt$2rdacontent 182 $cc$2rdamedia 183 $acr$2rdacarrier 200 00$aIndustrial internet $eresearch on the development of electronic information engineering technology in China /$fCenter for Electronics and Information Studies, Chinese Academy of Engineering 205 $a1st ed. 2020. 210 1$aSingapore :$cSpringer :$cScience Press,$d[2020] 210 4$dİ2020 215 $a1 online resource (XVI, 56 p. 14 illus., 7 illus. in color.) 311 $a981-15-7489-8 327 $a1 Introduction -- 2 Global Development Trend -- 3 Development Status in China -- 4 Innovative Development -- 5 Conclusion. 330 $aThis book discusses the birth and background of the Industrial Internet, clarifying its definition and structure, and reviewing the related development trends in China and around the globe, mainly in terms of policies, networks, platforms, security, application and standards. Lastly, it provides insights into the integration of the Industrial Internet with a series of next-gen information technologies, such as time sensitive networking, 5G, edge computing, blockchain and artificial intelligence. Intended for researchers and industrial practitioners who have been following the evolution of and trends in the Industrial Internet, the book is also a valuable reference resource for practitioners, scholars, and technical and engineering managers at various levels and in various fields. 606 $aInformation technology$zChina 606 $aInternet$zChina 606 $aComputer industry 615 0$aInformation technology 615 0$aInternet 615 0$aComputer industry. 676 $a303.48330951 712 02$aCenter for Electronics and Information Studies, Chinese Academy of Engineering, 801 0$bMiAaPQ 801 1$bMiAaPQ 801 2$bMiAaPQ 906 $aBOOK 912 $a996465369803316 996 $aIndustrial internet$92158881 997 $aUNISA LEADER 01763oam 2200505M 450 001 9910716500503321 005 20200213070903.6 035 $a(CKB)5470000002521135 035 $a(OCoLC)1065594069 035 $a(OCoLC)995470000002521135 035 $a(EXLCZ)995470000002521135 100 $a20071213d1927 ua 0 101 0 $aeng 135 $aurcn||||||||| 181 $ctxt$2rdacontent 182 $cc$2rdamedia 183 $acr$2rdacarrier 200 10$aRelief of certain officers of the Army. January 17 (calendar day, February 21), 1927. -- Ordered to be printed 210 1$a[Washington, D.C.] :$c[U.S. Government Printing Office],$d1927. 215 $a1 online resource (2 pages) 225 1 $aSenate report / 69th Congress, 2nd session. Senate ;$vno. 1551 225 1 $a[United States congressional serial set] ;$v[serial no. 8687] 300 $aBatch processed record: Metadata reviewed, not verified. Some fields updated by batch processes. 300 $aFDLP item number not assigned. 517 $aRelief of certain officers of the Army. January 17 606 $aClaims 606 $aCollecting of accounts 606 $aMilitary pay 606 $aBrokers 608 $aLegislative materials.$2lcgft 615 0$aClaims. 615 0$aCollecting of accounts. 615 0$aMilitary pay. 615 0$aBrokers. 701 $aMeans$b Rice William$f1877-1949$pRepublican (CO)$01386800 801 0$bWYU 801 1$bWYU 801 2$bOCLCO 801 2$bOCLCQ 801 2$bOCLCO 801 2$bOCLCQ 906 $aBOOK 912 $a9910716500503321 996 $aRelief of certain officers of the Army. January 17 (calendar day, February 21), 1927. -- Ordered to be printed$93482214 997 $aUNINA